000 00402nam a22001337a 4500
005 20260617094440.0
008 181214b ||||| |||| 00| 0 eng d
040 _cPK-LaUMT
082 _aRHC 297.72
_bABU-J
100 1 _aMaududi, Syed Abul Ala
_911418
245 _aJihad dar e rah e Khuda(جھاد در راہ خدا) /
_cAbul Ala Maududi
260 _aلاہور:
_bدارالعروبۃ
942 _cBK
999 _c109606
_d109606